The Guineas quiz - Statistics

General Stats
  • This quiz has been taken 27 times
  • The average score is 6 of 13
Answer Stats
Hint Answer % Correct
Port Moresby
78%
Bissau
67%
Capital cities of the Guineas Conakry
67%
English
67%
Portugal traded some islands that are now part of Equatorial Guinea to whom Spain
63%
Region where a least two of the Guineas are West Africa
59%
Guinea most important industry (Hint: it employs 84% of the population) Agriculture
52%
Malabo
52%
Official languages of Papua New Guinea Tok Pisin
44%
Until 1980, Guinea Bissau and this country were united Cape Verde
37%
Equatorial Guinea has a ___ ___of 20 Median age
15%
Hiri Motu
7%
Animal from South America Guiea Pig
4%
No matching quizzes found
Score Distribution
Percent of People with Each Score
Percentile by Number Answered
Your Score History
You have not taken this quiz